Reconnaissez vous ces planètes? - Statistiques

Statistiques générales
  • Ce quiz a été pris 876 fois
  • Le résultat moyen est 3 sur 8
Statistiques - réponses
Par images Réponse % Correct
Terre
96%
Neptune
72%
Jupiter
41%
Mercure
36%
Mars
22%
Saturne
18%
Vénus
15%
Uranus
8%
Aucun quiz correspondant
Distribution des résultats
% des personnes avec chaque résultat
Percentile par nombre de réponses
Votre historique - résultats
Vous n’avez pas pris ce quiz